000 00744nam a2200193Ii 4500
003 JO-AjNU
008 230605s9999||||xx |||||||||||||| ||und||
040 _aJO-AjNU
_bara
_erda
_cJO-AjNU
041 _aara
050 1 4 _aKRM3800.F82.1996
100 3 _aفوده، عبدالحكم,
_eauthor
_936241
245 0 0 _aالإستمرارية والوقتية في الجرائم العمدية : تحليل عملي على ضوء الفقه وقضاء النقض
264 3 1 _aالاسكندرية : دار المطبوعات الجديدة، 1996
300 _a85ص
336 _atext
_btxt
_2rdacontent
337 _aunmediated
_bn
_2rdamedia
338 _avolume
_bnc
_2rdacarrier
650 4 _aالجريمة والمجرمون -- مصر
_936242
999 _aA15039
_c18607
_d18607